| 000 | 00848cam a2200205 4500500 | ||
|---|---|---|---|
| 005 | 20260111080440.0 | ||
| 041 | _afre | ||
| 042 | _adc | ||
| 100 | 1 | 0 |
_aDumartinet, Antoine _eauthor |
| 245 | 0 | 0 | _aLa PAC et la politique de cohésion après 2020 : l’exigence accrue de « valeur ajoutée européenne » à l’épreuve des principes de subsidiarité et de proportionnalité |
| 260 | _c2020. | ||
| 500 | _a6 | ||
| 690 | _abudget de l’Union européenne | ||
| 690 | _acadre financier pluriannuel | ||
| 690 | _apolitique agricole commune | ||
| 690 | _apolitique de cohésion | ||
| 690 | _avaleur ajoutée européenne | ||
| 786 | 0 | _nGestion & Finances Publiques | 4 | 4 | 2020-09-21 | p. 79-86 | 1969-1009 | |
| 856 | 4 | 1 | _uhttps://droit.cairn.info/revue-gestion-et-finances-publiques-2020-4-page-79?lang=fr&redirect-ssocas=7080 |
| 999 |
_c1616309 _d1616309 |
||